[Event "NED-ch U13"]
[Site "Rijswijk"]
[Date "2006.05.25"]
[Round "3"]
[White "Schonwetter, Wouter"]
[Black "Reitsma, Bram"]
[Result "1/2-1/2"]
[WhiteElo "1424"]
[BlackElo "1322"]
[PlyCount "130"]
[EventDate "2006.05.25"]
[EventType "swiss"]
[EventRounds "9"]
[EventCountry "NED"]
[SourceTitle "EXT 2009"]
[Source "ChessBase"]
[SourceDate "2008.11.26"]
[SourceVersion "1"]
[SourceVersionDate "2008.11.26"]
[SourceQuality "1"]

1. e4 e5 2. Nf3 Nc6 3. Bc4 Nf6 4. Ng5 d5 5. exd5 b5 6. Bxb5 Qxd5 7. Bxc6+ Qxc6 8. 0-0 Bb7 9. Nf3 Bc5 10. d3 0-0 11. Be3 Bb6 12. Nbd2 Ng4 13. Nc4 Rad8 14. Qe2 Rde8 15. Nxb6 axb6 16. h3 Nf6 17. Kh1 Nd7 18. Rg1 f5 19. Rae1 Rf6 20. Nh2 Rg6 21. f3 Nc5 22. Bxc5 Qxc5 23. c3 Ba6 24. Qe3 Qxe3 25. Rxe3 f4 26. Ree1 Bxd3 27. Rd1 Rd6 28. Ng4 h5 29. Nf2 Bc4 30. Rxd6 cxd6 31. b3 Bf7 32. Rd1 Rd8 33. c4 Kf8 34. Kg1 Ke7 35. Kf1 Ra8 36. a4 g5 37. Ne4 Rd8 38. Nxg5 Bg6 39. Rd2 Kd7 40. b4 Rc8 41. a5 bxa5 42. bxa5 Ra8 43. c5 Ra6 44. Ne4 Bxe4 45. fxe4 Rxa5 46. Rxd6+ Kc7 47. Rd5 Ra1+ 48. Ke2 Ra2+ 49. Kf1 Ra1+ 50. Kf2 Ra2+ 51. Kg1 Ra1+ 52. Kh2 Ra2 53. Rxe5 f3 54. Kg1 Rxg2+ 55. Kf1 Re2 56. Rxh5 Rxe4 57. Rf5 Kc6 58. Kf2 Rc4 59. Kxf3 Rxc5 60. Kg4 Rc1 61. Kg5 Kd7 62. h4 Rc8 63. Rf6 Rh8 64. h5 Ke7 65. Rf4 Rf8 1/2-1/2